[Event "Saint Quentin op 4th"]
[Site "Saint Quentin"]
[Date "2001.04.21"]
[Round "8.46"]
[White "Levier, Jean Francois"]
[Black "Topenas, Philippe"]
[Result "1-0"]
[WhiteElo "1630"]
[BlackElo "1499"]
[PlyCount "85"]
[EventDate "2001.04.15"]
[EventType "swiss"]
[EventRounds "9"]
[EventCountry "FRA"]
[SourceTitle "EXT 2002"]
[Source "ChessBase"]
[SourceDate "2001.11.25"]
[SourceVersion "1"]
[SourceVersionDate "2001.11.25"]
[SourceQuality "1"]

1. d4 e5 2. dxe5 Nc6 3. Nf3 Qe7 4. Nbd2 Nxe5 5. Nxe5 Qxe5 6. Nf3 Qe7 7. c3 Nf6 8. Bf4 c6 9. e3 d5 10. h3 Bf5 11. Nh4 Be6 12. Bd3 Rd8 13. 0-0 Ne4 14. Nf3 Qd7 15. Qc2 Be7 16. Bxe4 dxe4 17. Qxe4 Bd5 18. Qa4 Bxf3 19. gxf3 Qxh3 20. Qe4 Rd7 21. Rad1 f6 22. Rd4 Rxd4 23. cxd4 Qd7 24. Kg2 Kf7 25. Rh1 h6 26. Kf1 g5 27. Bh2 Qh3+ 28. Kg1 Qd7 29. Kg2 Kg7 30. f4 Bd6 31. Bg3 f5 32. Qf3 g4 33. Qd1 Be7 34. Rh5 Kg6 35. Rh1 Qd5+ 36. f3 Qxa2 37. fxg4 Qd5+ 38. Kh3 h5 39. g5 Qe4 40. Re1 Rd8 41. Qb3 b5 42. Rc1 Qf3 43. Qe6+ 1-0

[Event "Saint Quentin op 4th"]
[Site "Saint Quentin"]
[Date "2001.04.20"]
[Round "7.45"]
[White "Topenas, Philippe"]
[Black "Culcer, Ioana"]
[Result "0-1"]
[WhiteElo "1499"]
[BlackElo "1650"]
[PlyCount "66"]
[EventDate "2001.04.15"]
[EventType "swiss"]
[EventRounds "9"]
[EventCountry "FRA"]
[SourceTitle "EXT 2002"]
[Source "ChessBase"]
[SourceDate "2001.11.25"]
[SourceVersion "1"]
[SourceVersionDate "2001.11.25"]
[SourceQuality "1"]

1. e4 c6 2. d4 d5 3. Nc3 dxe4 4. Nxe4 Nd7 5. Nf3 Ngf6 6. Bd3 Nxe4 7. Bxe4 Nf6 8. Bd3 Bg4 9. h3 Bxf3 10. Qxf3 Qxd4 11. 0-0 e6 12. c3 Qb6 13. Re1 Be7 14. Rb1 Nd5 15. Bd2 Rd8 16. Bc2 0-0 17. Bb3 a5 18. c4 Nf6 19. Be3 Qb4 20. Red1 a4 21. Bc2 Qxc4 22. Rdc1 Qa6 23. a3 Rd5 24. Rd1 Rfd8 25. Rxd5 cxd5 26. Bd4 Rc8 27. Bd3 Qc6 28. Qe2 Ne4 29. Bb5 Qc2 30. Qxc2 Rxc2 31. Bxa4 Rc4 32. b3 Rxd4 33. b4 Nc3 0-1

[Event "Saint Quentin op 4th"]
[Site "Saint Quentin"]
[Date "2001.04.18"]
[Round "5.44"]
[White "Juquois, Jacky"]
[Black "Topenas, Philippe"]
[Result "1-0"]
[WhiteElo "1650"]
[BlackElo "1499"]
[PlyCount "83"]
[EventDate "2001.04.15"]
[EventType "swiss"]
[EventRounds "9"]
[EventCountry "FRA"]
[SourceTitle "EXT 2002"]
[Source "ChessBase"]
[SourceDate "2001.11.25"]
[SourceVersion "1"]
[SourceVersionDate "2001.11.25"]
[SourceQuality "1"]

1. e4 d5 2. exd5 Qxd5 3. d4 Nf6 4. Nf3 Bf5 5. Nc3 Qa5 6. Bd2 c6 7. Bc4 e6 8. 0-0 Nbd7 9. Re1 Be7 10. Nd5 Qd8 11. Nxe7 Qxe7 12. Bg5 h6 13. Bd2 0-0 14. a3 Rfd8 15. c3 Nb6 16. Ba2 Qc7 17. Ne5 Nbd7 18. Bf4 Ng4 19. Qf3 Ngxe5 20. Qg3 Bg6 21. dxe5 Nc5 22. Bc4 Qb6 23. Be3 Qxb2 24. Bxc5 b6 25. Bd6 Qc2 26. Re2 Qa4 27. Bxe6 Kh7 28. Bg4 c5 29. Bf3 Rac8 30. Bb7 Rxd6 31. exd6 Rd8 32. h3 b5 33. Rd2 b4 34. cxb4 cxb4 35. Rd4 Qb5 36. Rxb4 Qc5 37. Rd1 a5 38. Rbd4 Qb6 39. Be4 Bxe4 40. Rxe4 Qb2 41. Re7 Qf6 42. Rc7 1-0

[Event "Saint Quentin op 4th"]
[Site "Saint Quentin"]
[Date "2001.04.17"]
[Round "4.42"]
[White "Francois, Jean Claude"]
[Black "Topenas, Philippe"]
[Result "1-0"]
[WhiteElo "1770"]
[BlackElo "1499"]
[PlyCount "71"]
[EventDate "2001.04.15"]
[EventType "swiss"]
[EventRounds "9"]
[EventCountry "FRA"]
[SourceTitle "EXT 2002"]
[Source "ChessBase"]
[SourceDate "2001.11.25"]
[SourceVersion "1"]
[SourceVersionDate "2001.11.25"]
[SourceQuality "1"]

1. d4 Nf6 2. c4 c6 3. Nc3 d5 4. cxd5 cxd5 5. Nf3 Nc6 6. g3 e6 7. Bg2 Bb4 8. 0-0 0-0 9. Bg5 h6 10. Bxf6 Qxf6 11. a3 Bd6 12. Re1 Qe7 13. Nb5 Bd7 14. Nxd6 Qxd6 15. Rc1 Rac8 16. b4 b5 17. Qd3 Ne7 18. Rc5 a6 19. Rec1 f6 20. Nd2 Rfd8 21. Nb3 Nc6 22. e4 dxe4 23. Bxe4 f5 24. Bg2 Rf8 25. f4 Kh8 26. R1c3 Rc7 27. Na5 Rfc8 28. Bxc6 Bxc6 29. Nxc6 Rxc6 30. Qe3 Qd7 31. Qe5 Kg8 32. Kf2 Kf7 33. h3 g6 34. g4 R8c7 35. Qxc7 Rxc7 36. Rxc7 1-0

[Event "Saint Quentin op 4th"]
[Site "Saint Quentin"]
[Date "2001.04.16"]
[Round "3.55"]
[White "Topenas, Philippe"]
[Black "Ducloux, Johan"]
[Result "1-0"]
[WhiteElo "1499"]
[BlackElo "1180"]
[PlyCount "39"]
[EventDate "2001.04.15"]
[EventType "swiss"]
[EventRounds "9"]
[EventCountry "FRA"]
[SourceTitle "EXT 2002"]
[Source "ChessBase"]
[SourceDate "2001.11.25"]
[SourceVersion "1"]
[SourceVersionDate "2001.11.25"]
[SourceQuality "1"]

1. e4 e5 2. Nf3 Nc6 3. Nc3 Bb4 4. a3 Bc5 5. Nxe5 Bxf2+ 6. Kxf2 Nxe5 7. d4 Nc6 8. Nd5 Qh4+ 9. g3 Qxe4 10. Bg2 Qf5+ 11. Bf3 Kd8 12. Re1 Nf6 13. Ne3 Ne4+ 14. Kg2 Qe6 15. d5 Qe5 16. dxc6 d6 17. Ng4 Qc5 18. Rxe4 f5 19. Re5 Qb6 20. Bg5# 1-0